| 000 | 00622nam 22002053 4500 | ||
|---|---|---|---|
| 001 | 202141 | ||
| 010 | _a84-204-8032-0 | ||
| 021 |
_bM. 38.561-1985 _aES |
||
| 090 | _a202141 | ||
| 100 | _a20230112d u||y0pory50 ba | ||
| 200 |
_aLusitania _fAlmeida Faria _gtraducción de Miguel Ángel Viqueira |
||
| 210 |
_aMadrid _cAlfaguara _d1985 |
||
| 215 |
_a140, [3] p. _cbrochado _d22 cm |
||
| 606 |
_aLiteratura Portuguesa _96 |
||
| 675 |
_a821.134.3-3 _vES _zesp |
||
| 700 |
_91040 _aFaria _bAlmeida _f1943- |
||
| 702 |
_917289 _aViqueira _bMiguel Ángel _f1952- |
||
| 801 |
_aPT _bBMMN _gRPC |
||
| 830 |
_cAna Falardo _fAna Falardo |
||
| 990 | _cLIVROS | ||